|
|
|
|
| LEADER |
01480cas a2200253 a 4500 |
| 001 |
AALejournalIMF018347 |
| 008 |
230101c9999 xx r poo 0 0eng d |
| 020 |
|
|
|c 5.00 USD
|
| 020 |
|
|
|z 9781484347300
|
| 022 |
|
|
|a 1018-5941
|
| 040 |
|
|
|a BD-DhAAL
|c BD-DhAAL
|
| 100 |
1 |
|
|a Singh, Manmohan.
|
| 245 |
1 |
0 |
|a Central Counterparties Resolution-An Unresolved Problem /
|c Manmohan Singh, Dermot Turing.
|
| 264 |
|
1 |
|a Washington, D.C. :
|b International Monetary Fund,
|c 2018.
|
| 300 |
|
|
|a 1 online resource (23 pages)
|
| 490 |
1 |
|
|a IMF Working Papers
|
| 500 |
|
|
|a <strong>Off-Campus Access:</strong> No User ID or Password Required
|
| 500 |
|
|
|a <strong>On-Campus Access:</strong> No User ID or Password Required
|
| 506 |
|
|
|a Electronic access restricted to authorized BRAC University faculty, staff and students
|
| 520 |
3 |
|
|a Recovery and resolution regimes are being developed for central counterparties (CCPs). We analyse current resolution tools in the context of policy, which is to restore the critical functions of a failed CCP. We conclude that the toolkit is insufficient to avoid the costs of resolution being borne by taxpayers, and propose alternative policy suggestions for addressing the problem of a failed CCP.
|
| 538 |
|
|
|a Mode of access: Internet
|
| 700 |
1 |
|
|a Turing, Dermot.
|
| 830 |
|
0 |
|a IMF Working Papers; Working Paper ;
|v No. 2018/065
|
| 856 |
4 |
0 |
|z Full text available on IMF
|u http://elibrary.imf.org/view/journals/001/2018/065/001.2018.issue-065-en.xml
|z IMF e-Library
|